000 00808nam a2200205 i 4500
001 67246
003 ES-MaACL
005 20230906170021.0
007 t|
008 040513s1996 sp |||| | spa d
080 _a821.134.2 Alas, Leopoldo 1.07
100 0 _aGómez-Tabanera, José Manuel,
_d1926-2011
_958165
245 1 0 _aLeopolda Alas "Clarín"
_b: del romanticismo al realismo /
_cJosé Manuel Gómez-Tabanera.
260 _aOviedo :
_bJ.M. Gómez-Tabanera,
_c[1996]
300 _a11 p. ;
_c21 cm.
500 _aTexto de la comunicación presentada al I Coloquio "Del Romanticismo al Realismo", organizado por la Sociedad de Literatura Española del Siglo XIX.
600 1 4 _aAlas, Leopoldo,
_d1852-1901-
_xCrítica e interpretación
_919157
852 _aES-MaACL
_j2178-F-28
999 _c67246
_d67246